00600nam a2200217Ia 450000500170000000800410001702000150005808200190007324500240009226000400011630000150015665000100017165000130018165000110019470000180020570000220022370000210024594200060026695200950027299900150036720241219043353.0240331s9999 xx 000 0 und d a0803985436 bKAT21153a305 4aThe Gender of Power aLondonbSAGE Publications Ltdc1991 ax, 198 p., aWomen aFeminism aGender aDavis, Keedt aLeijenaar, Meedt aOldersma, Jeedt cL 001040708LaWERCLbWERCLcSSCd2024-03-31l0o 305 DAVp1153r2024-03-31w2024-03-31yL c1423d1423